Statistics for Passionfruit - Drake

Click here to take the quiz!

General Stats

  • This quiz has been taken 24 times
  • The average score is 122 of 167

Answer Stats

Answer% Correct
A
100%
You
100%
From
95%
I
95%
Away
90%
Listen
90%
Miles
90%
Passionate
90%
Say
90%
The
90%
Things
90%
We
90%
Apart
86%
Fallin'
86%
Fallin
86%
Cause
81%
No
81%
Now
81%
Got
76%
My
76%
With
76%
Im
71%
On
71%
Passive
71%
That
71%
Can't
67%
Distance
67%
For
67%
Just
67%
Of
67%
Seein'
67%
We're
67%
Were
67%
Soul
62%
To
62%
Up
62%
Addiction
57%
Blame
57%
Get
57%
It
57%
Like
57%
Mention
57%
Out
57%
Ritualistic
57%
Us
57%
Cleansin'
52%
Don't
52%
Even
52%
Keep
52%
Leave
52%
Old
52%
Passin'
52%
Pick
52%
Tension
52%
They
52%
Think
52%
Ways
52%
Won't
52%
Between
48%
Commitment
48%
Issues
48%
Pieces
48%
Rule
48%
Should
48%
Trust
48%
Yeah
48%
You're
48%
Buildin
43%
Doing
43%
Fences
43%
Leavin'
43%
Picket
43%
Harder
38%

Score Distribution

Percentile by Number Answered

Percent of People with Each Score

Your Score History

You have not taken this quiz